| 000 | 00668cam a2200253 4500 | ||
|---|---|---|---|
| 001 | 28475 | ||
| 010 | _a9722410830 | ||
| 005 | 20220405165312.0 | ||
| 021 |
_aPT _b143009/99 |
||
| 090 | _a28475 | ||
| 100 | _a20071004d1999 c y0pory5003 ba | ||
| 101 | 0 | _apor | |
| 102 | _aPT | ||
| 105 | _aa z 001ay | ||
| 106 | _ar | ||
| 930 | _lBECRE | ||
| 675 |
_a821.134.3-93"19" _vBN _zpor |
||
| 675 |
_a087.5 _vBN _zpor |
||
| 700 | 1 |
_aSoares, _bLuísa Ducla, _f1939- _92431 |
|
| 702 | 1 |
_aLeitão, _bPedro, _f1965- _4440 |
|
| 200 | 1 |
_aArca de Noé _fLuísa Ducla Soares _gil. Pedro Leitão |
|
| 210 |
_aLisboa _cLivros Horizonte, _d1999 |
||
| 215 |
_a27, [1] p. _ctodo il. _d29 cm |
||
| 990 | _cLIVROS | ||